000 00271nam a2200109Ia 4500
005 20251222175922.0
008 251222s9999||||xx |||||||||||||| ||spa||
082 _a339/L11
100 _aLa Serna Studzinski, Karlos
245 0 _aEjercicios de Microeconomía:
942 _cLIB
999 _c40710
_d40710